The tomb of Siphtah : the monkey tomb and the gold tomb. The discovery of the tombs /

محفوظ في:

المؤلف الرئيسي: Davis, Theodore M., 1837-1915 (مؤلف)

مؤلفون آخرون: Ayrton, Edward Russell, 1882-1914., Daressy, Georges, 1864-, Jones, E. Harold., Maspero, G. 1846-1916.

التنسيق: كتاب

اللغة: English

منشور في: London : A. Constable and co., ltd., 1908.

سلاسل: Mr. Theodore M. Davis' excavations: Bibân el Molûk ; 4.
Excavations ; 4.

الموضوعات:

الوسوم: إضافة وسم

لا توجد وسوم, كن أول من يضع وسما على هذه التسجيلة!

رقم الطلب: DT62 .T6 D3 v.4 2001

LEADER 01771nam a22003971 4500
001 5486
003 OSt
005 20200901070627.0
008 130303s1908 enkef g 000 0 eng d
952 |0 0  |1 0  |2 lcc  |3 V.4  |4 0  |6 DT0062 T6 D3 V.00004 02001  |7 1  |9 5535  |a ARCE  |b ARCE  |d 2020-09-01  |l 0  |o DT62 .T6 D3 v.4 2001  |p 1003437  |r 2020-09-01 00:00:00  |w 2020-09-01  |y BK 
999 |c 9403  |d 9403 
010 |a 09008063 
040 |c ARCE Library 
043 |a f-ua--- 
050 0 4 |a DT62 .T6 D3 v.4 2001 
100 1 |a Davis, Theodore M.,  |d 1837-1915,  |e author 
245 1 4 |a The tomb of Siphtah :  |b the monkey tomb and the gold tomb. The discovery of the tombs /  |c By Theodore M. Davis. King Siphtah and Queen Tauosrît, by Gaston Maspero. The excavations of 1905-1907, by Edward Ayrton. Catalogue of the objects discovered, by George Daressy. Illustrations in colour, by E. Harold Jones. 
264 1 |a London :  |b A. Constable and co., ltd.,  |c 1908. 
300 |a xxix, 46 pages incl. 3 plans :  |b color front, plates (part color) ;  |c 36 cm. 
336 |a text  |b txt  |2 rdacontent 
337 |a unmediated  |b n  |2 rdamedia 
338 |a volume  |b nc  |2 rdacarrier 
490 1 |a Mr. Theodore M. Davis' excavations: Bibân el Molûk ;   |v 4. 
490 1 |a Excavations ;   |v 4. 
500 |a At the head of title : Theodore M. Davis' excavations: Bibân el Molûk. 
600 0 0 |a Siphtah,‏  |c King of Egypt.  |9 40151 
650 0 |a Tombs  |z Egypt. 
651 0 |a Thebes (Egypt : Extinct city) 
700 1 |a Ayrton, Edward Russell,  |d 1882-1914.  |9 25924 
700 1 |a Daressy, Georges,  |d 1864- 
700 1 |a Jones, E. Harold. 
700 1 |a Maspero, G.  |q (Gaston),  |d 1846-1916. 
830 0 |a Mr. Theodore M. Davis' excavations: Bibân el Molûk ; 4. 
830 0 |a Excavations ; 4. 
901 |a reviewed 
942 |c BK  |2 lcc